Southville International School and Colleges
Your cart is empty.
  • Cart
  • Lists
    Public lists Eva Luna New books Lux_list list_1
    Your lists Log in to create your own lists
  • Log in to your account
  • Your cookies
  • Search history
Southville International School and Colleges
  • Advanced search
  • Recent comments
  • Most popular
  • Libraries

Log in to your account

Log in with GOOGLE


If you do not have an external account, but do have a local account, you can still log in:

  1. Home
  2. MARC view: It's fine to be nine.
Normal view MARC view ISBD view

It's fine to be nine. (Record no. 110757)

[ view plain ]
MARC details
000 -LEADER
fixed length control field 00562nam a2200229 a 4500
001 - CONTROL NUMBER
control field 2753
005 - DATE AND TIME OF LATEST TRANSACTION
control field 20140414131903.0
008 - FIXED-LENGTH DATA ELEMENTS--GENERAL INFORMATION
fixed length control field 050928s19uu xx 00 eng d
020 ## - INTERNATIONAL STANDARD BOOK NUMBER
International Standard Book Number 0-590-38604-2
050 ## - LIBRARY OF CONGRESS CALL NUMBER
Classification number FIC
Item number B56 1998
100 ## - MAIN ENTRY--PERSONAL NAME
Personal name Blume, Judy
245 ## - TITLE STATEMENT
Title It's fine to be nine.
260 ## - PUBLICATION, DISTRIBUTION, ETC. (IMPRINT)
Place of publication, distribution, etc New York :
Name of publisher, distributor, etc Scholasic,
Date of publication, distribution, etc 1998.
300 ## - PHYSICAL DESCRIPTION
Extent 130 p. ill. ; cm.
700 ## - ADDED ENTRY--PERSONAL NAME
Personal name
700 ## - ADDED ENTRY--PERSONAL NAME
Personal name Beverly Cleary
700 ## - ADDED ENTRY--PERSONAL NAME
Personal name Patricia Maclachlan
700 ## - ADDED ENTRY--PERSONAL NAME
Personal name Daniel Pinkwater
700 ## - ADDED ENTRY--PERSONAL NAME
Personal name Susan Shreve
700 ## - ADDED ENTRY--PERSONAL NAME
Personal name Jerry Spinelli
Holdings
Withdrawn status Lost status Damaged status Home library Current library Shelving location Date acquired Source of acquisition Total Checkouts Full call number Barcode Date last seen Price effective from Koha item type
      Munich Library Munich Library Fiction Section 09/28/2005     FIC B56 1998 M1240 04/14/2014 04/14/2014 Books

It's fine to be nine.

APA

Blume J.,, Beverly Cleary, Patricia Maclachlan, Daniel Pinkwater, Susan Shreve & Jerry Spinelli. (1998). It's fine to be nine. New York: Scholasic.

Chicago

Blume Judy,, Beverly Cleary, Patricia Maclachlan, Daniel Pinkwater, Susan Shreve and Jerry Spinelli. 1998. It's fine to be nine. New York: Scholasic.

Harvard

Blume J.,, Beverly Cleary, Patricia Maclachlan, Daniel Pinkwater, Susan Shreve and Jerry Spinelli. (1998). It's fine to be nine. New York: Scholasic.

MLA

Blume Judy,, Beverly Cleary, Patricia Maclachlan, Daniel Pinkwater, Susan Shreve and Jerry Spinelli. It's fine to be nine. New York: Scholasic. 1998.

  • Place hold
  • Print
  • Cite
  • Add to your cart (remove)
  • Save record
    BIBTEX Dublin Core MARCXML MARC (non-Unicode/MARC-8) MARC (Unicode/UTF-8) MARC (Unicode/UTF-8, Standard) MODS (XML) RIS
  • More searches
    Search for this title in:
    Other Libraries (WorldCat) Other Databases (Google Scholar) Online Stores (Bookfinder.com) Open Library (openlibrary.org)

Exporting to Dublin Core...

SOUTHVILLE LIBRARY

Southville International School and Colleges Library

1281 Tropical Ave. Cor. Luxembourg St., BF Homes International, Las Pinas City

Tel. No. 8256374 / 252358 Loc. 117/146

Powered by Koha